000 00658nam a2200241Ia 4500
003 OSt
005 20221006144824.0
006 a|||||r|||| 00| 0
007 ta
008 221006b |||||||| |||| 00| 0 eng d
020 _c228.80
024 _a12,839
037 _cTextual
040 _aEASL
_cEASL
_beng
041 _2eng
_aeng
082 _aV41:1946.N76, L9
100 _aSHICHOR Yitzhak
_9445071
245 0 _aModdle Rast in China foreign policy 1949-1977
260 _aLondon
_bCambridge University
_c1979
300 _a288p.
_ccm.
942 _hV41:1946.N76, L9
_cTEXL
_2CC
999 _c1080925
_d1080925